书目信息 |
| 题名: |
地理环境与民俗文化遗产
|
|
| 作者: | 王静爱 , 小长谷有纪 , 色音 主编 | |
| 分册: | ||
| 出版信息: | 知识产权出版社 2009.01 |
|
| 页数: | 443页 | |
| 开本: | 28cm | |
| 丛书名: | ||
| 单 册: | ||
| 中图分类: | X21-53 | |
| 科图分类: | ||
| 主题词: | 环境 , 环境系统 | |
| 电子资源: | ||
| ISBN: | 978-7-80247-263-1 | |
| 000 | 00722nam0 2200241 45 | |
| 001 | 0959746257 | |
| 005 | 20091020163801.25 | |
| 010 | @a978-7-80247-263-1@dCNY75.00 | |
| 100 | @a20090515d2009 ekmy0 y0120 ea | |
| 102 | @aCN@b130000 | |
| 105 | @ay z 000yy | |
| 200 | 1 | @a地理环境与民俗文化遗产@f王静爱,(日)小长谷有纪,色音主编@Fwang jing ai,(ri)xiao chang gu you ji,se yin zhu bian |
| 210 | @c知识产权出版社@d2009.01 | |
| 215 | @a443页@d28cm | |
| 606 | 0 | @a环境 |
| 606 | 0 | @a环境系统 |
| 690 | @aX21-53@v4 | |
| 701 | 0 | @a王静爱@Awang jing ai@4主编 |
| 701 | 0 | @a小长谷有纪@Axiao chang gu you ji@4主编 |
| 701 | 0 | @a色音@Ase yin@4主编 |
| 801 | 0 | @aCN@c20091020 |
| 905 | @a10447@dX21-53@eW230 | |
| 906 | @d75@n3@r1 | |
| 地理环境与民俗文化遗产/王静爱,(日)小长谷有纪,色音主编.-知识产权出版社,2009.01 |
| 443页;28cm |
| ISBN 978-7-80247-263-1:CNY75.00 |
| ● |
| 相关链接 |
|
|
|
正题名:地理环境与民俗文化遗产
索取号:X21-53/W230
 
预约/预借
| 序号 | 登录号 | 条形码 | 馆藏地/架位号 | 状态 | 备注 |
| 1 | 655663 | 206556635 | 自科库501/501自科库 64排4列4层/ [索取号:X21-53/W230] | 在馆 | |
| 2 | 655664 | 206556644 | 自科库501/501自科库 64排4列4层/ [索取号:X21-53/W230] | 在馆 | |
| 3 | 655665 | 206556653 | 期刊室512/501自科库 64排4列4层/ [索取号:X21-53/W230] | 在馆 |